000 01208nam a2200301 i 4500
003 DO-SdBNP
005 20250819113544.0
007 ta
008 250819t2025 dr a b 000 0 spa d
020 _z9789945291957
040 _aDO-SdBNP
_bspa
_cBNPHU
_erda
041 _aspa
082 _axxxx
_bN322
_222
100 1 _aNavarro Galicia, Maritza
_eautora
_4aut.
_934446
245 1 0 _aRiquitimpumplí, riquitimpumplá /
_cMaritza Navarro Galicia ; ilustraciones, Víctor Fco. Aquino
250 _aPrimera edición
264 4 _aSanto Domingo :
_b[editora no identificada],
_c©2025.
300 _a17 páginas
_bilustraciones
_c23 cm.
336 _atexto
_btxt
_2rdacontent
337 _asin mediación
_bn
_2rdamedia
338 _avolumen
_bnc
_2rdacarrier
500 _aEn el principio creó Dios los cielos y la tierra. Génesis: 1:1 (RVR1960)
520 _aLiam y Sofía, dos primos muy unidos viven en el centro de Las Amazonas. Sus aventuras nos llenarán de emoción. Arcoiris interplanetarios, extraterrestres y naves del espacio, recorriendo el espacio.
590 _aInventariado, 2025/ YL
700 1 _aAquino, Víctor Fco.
_eilustrador
_4il.
_934447
910 _aYLockward
942 _2ddc
_cLF2
999 _c59796
_d59796